000 00358nam a2200145Ia 4500
008 230917s9999||||xx |||||||||||||| ||und||
040 _e226945
_aMAIN
041 _aEnglish
082 _a363.325 R137A
100 _aRaj Kumar
245 0 _aAntarrashtriya aatankwad mein aatmghati hamalon ki bhoomika
260 _c2014
300 _a397 p.
942 _cTH
999 _c126365
_d126365